[Event "Gallipoli Salento op 9th"]
[Site "Gallipoli"]
[Date "2020.09.25"]
[Round "8"]
[White "Paiano, Giorgio"]
[Black "Murra, Mattia"]
[Result "1-0"]
[WhiteElo "1440"]
[BlackElo "1313"]
[PlyCount "67"]
[EventDate "2020.09.19"]
[EventType "swiss"]
[EventRounds "9"]
[EventCountry "ITA"]
[SourceTitle "CBM 198 Extra"]
[Source "ChessBase"]
[SourceDate "2020.11.30"]
[SourceVersion "1"]
[SourceVersionDate "2020.11.30"]
[SourceQuality "1"]

1. d4 d5 2. c4 e6 3. g3 Nf6 4. Bg2 Be7 5. Nc3 0-0 6. Nf3 b6 7. 0-0 Bb7 8. Bg5 h6 9. Bxf6 Bxf6 10. cxd5 exd5 11. e3 Re8 12. Rc1 Nd7 13. Nb5 Ba6 14. Nxc7 Bxf1 15. Nxe8 Qxe8 16. Qxf1 Rc8 17. Nd2 Rxc1 18. Qxc1 Qe6 19. Qc7 a5 20. Nb1 Bxd4 21. exd4 Qe1+ 22. Bf1 Qxb1 23. Qxd7 Qxb2 24. Qxd5 a4 25. Bd3 Qc1+ 26. Kg2 g6 27. Bxg6 Qc7 28. Be4 Qe7 29. Qf5 f6 30. Bd5+ Kh8 31. Qg6 Qf8 32. Be4 Qe7 33. Qxh6+ Kg8 34. Bd5+ 1-0

[Event "Gallipoli Salento op 9th"]
[Site "Gallipoli"]
[Date "2020.09.24"]
[Round "7"]
[White "Festa, Simone"]
[Black "Paiano, Giorgio"]
[Result "0-1"]
[WhiteElo "1602"]
[BlackElo "1440"]
[PlyCount "132"]
[EventDate "2020.09.19"]
[EventType "swiss"]
[EventRounds "9"]
[EventCountry "ITA"]
[SourceTitle "CBM 198 Extra"]
[Source "ChessBase"]
[SourceDate "2020.11.30"]
[SourceVersion "1"]
[SourceVersionDate "2020.11.30"]
[SourceQuality "1"]

1. e4 e6 2. Nc3 d5 3. Nf3 Bb4 4. exd5 Bxc3 5. bxc3 exd5 6. Bb5+ c6 7. Ba4 Nf6 8. Qe2+ Be6 9. 0-0 0-0 10. Bb3 Re8 11. Qd1 Bg4 12. d3 Nbd7 13. Bg5 Ne5 14. Re1 Nxf3+ 15. gxf3 Rxe1+ 16. Qxe1 Bxf3 17. Qe3 Bh5 18. Qf4 h6 19. Bxf6 Qxf6 20. Qxf6 gxf6 21. Re1 Kf8 22. Re3 Re8 23. Rh3 Re5 24. Kg2 Rg5+ 25. Rg3 Rxg3+ 26. Kxg3 Bd1 27. Kf4 a5 28. Ke3 b5 29. a4 Ke7 30. axb5 cxb5 31. Bxd5 Bxc2 32. Kd2 Ba4 33. Bc6 Kd6 34. Be8 Kc5 35. Ke3 Bb3 36. d4+ Kb6 37. Kd2 Bd5 38. Kc2 a4 39. Kb2 Ka6 40. Ka3 Ka5 41. Bd7 Be6 42. Be8 Bc4 43. Bd7 Bd5 44. Be8 Bc4 45. Bd7 Kb6 46. Kb4 Kc7 47. Be8 Kd6 48. h3 Ke6 49. Bc6 Kd6 50. Be8 h5 51. Ka3 h4 52. Kb4 f5 53. f4 Kc7 54. Ka3 Kb6 55. Kb4 Bf1 56. Bd7 Bxh3 57. Bxb5 Bg2 58. c4 h3 59. c5+ Kc7 60. Bc4 h2 61. d5 h1Q 62. d6+ Kd8 63. Ka5 Bc6 64. Kb6 Kd7 65. Bxf7 Qb1+ 66. Ka6 Qb7+ 0-1

[Event "Gallipoli Salento op 9th"]
[Site "Gallipoli"]
[Date "2020.09.22"]
[Round "4"]
[White "Paiano, Giorgio"]
[Black "Cottone, Salvatore"]
[Result "0-1"]
[WhiteElo "1440"]
[BlackElo "1587"]
[PlyCount "64"]
[EventDate "2020.09.19"]
[EventType "swiss"]
[EventRounds "9"]
[EventCountry "ITA"]
[SourceTitle "CBM 198 Extra"]
[Source "ChessBase"]
[SourceDate "2020.11.30"]
[SourceVersion "1"]
[SourceVersionDate "2020.11.30"]
[SourceQuality "1"]

1. d4 d5 2. c4 Bf5 3. Nc3 c6 4. Nf3 e6 5. Bf4 Nd7 6. e3 Ngf6 7. Qb3 Qb6 8. Be2 Be7 9. 0-0 0-0 10. c5 Qxb3 11. axb3 b6 12. b4 Ne4 13. Nxe4 Bxe4 14. Nd2 Bg6 15. f3 f6 16. e4 e5 17. Be3 bxc5 18. bxc5 exd4 19. Bxd4 dxe4 20. fxe4 Bxc5 21. Bxc5 Nxc5 22. Bf3 Nd3 23. Nc4 Bf7 24. b3 Bxc4 25. bxc4 Ne5 26. c5 a5 27. Rfd1 Rfb8 28. Rd4 Rb5 29. Rc1 a4 30. Be2 Rb2 31. Bd1 a3 32. Ra1 a2 0-1